[Event "Pere Noel"]
[Site "Montreal CAN"]
[Date "2003.12.27"]
[Round "2"]
[White "Schleifer, Michael"]
[Black "Desmarais, Emmanuel"]
[Result "1-0"]
[WhiteElo "2313"]
[BlackElo "2052"]
[PlyCount "108"]
[EventDate "2003.12.26"]
[EventType "swiss"]
[EventRounds "5"]
[EventCountry "CAN"]

1. c4 c6 2. b3 Nf6 3. Bb2 d5 4. e3 Bf5 5. d4 e6 6. Nd2 Nbd7 7. Ngf3 Be7 8. Be2
h6 9. O-O O-O 10. a3 a5 11. c5 Qc7 12. b4 axb4 13. axb4 b5 14. Nb3 Bg4 15. Ne5
Bxe2 16. Qxe2 Nxe5 17. dxe5 Nd7 18. f4 Rfe8 19. Nd4 Bf8 20. e4 dxe4 21. Qxe4
Rxa1 22. Rxa1 Rc8 23. Qf3 Qb7 24. Qa3 Nb8 25. Qa7 Rc7 26. Qxb7 Rxb7 27. Kf2 g6
28. Ke3 Bg7 29. Ra8 Kh7 30. Ke4 h5 31. h3 Bh8 32. g4 hxg4 33. hxg4 Bg7 34. Nb3
Nd7 35. Na5 Rc7 36. g5 Bf8 37. Bd4 Kg7 38. Ra6 Nb8 39. Rb6 Rc8 40. Nb7 Nd7 41.
Ra6 Kg8 42. Na5 Nb8 43. Ra8 Rd8 44. Nb7 Rc8 45. Nd6 Rd8 46. Bc3 Bg7 47. Nb7 Re8
48. Na5 Rd8 49. Ra7 Rc8 50. Nb3 Bf8 51. Nd2 Bg7 52. Ke3 Rd8 53. Rb7 Nd7 54. Ne4
Bf8 1-0

[Event "Pere Noel"]
[Site "Montreal CAN"]
[Date "2003.12.28"]
[Round "3"]
[White "Mikanovic, Goran"]
[Black "Schleifer, Michael"]
[Result "1/2-1/2"]
[WhiteElo "2333"]
[BlackElo "2313"]
[PlyCount "94"]
[EventDate "2003.12.26"]
[EventType "swiss"]
[EventRounds "5"]
[EventCountry "CAN"]

1. d4 Nf6 2. c4 g6 3. Nc3 Bg7 4. e4 O-O 5. Nf3 d6 6. Be2 Bg4 7. Be3 Nc6 8. d5
Bxf3 9. Bxf3 Ne5 10. Be2 c6 11. O-O cxd5 12. exd5 Qa5 13. Rc1 Rfc8 14. b3 a6
15. a4 Ned7 16. Bd2 Qb6 17. Bd3 Nc5 18. Bc2 Re8 19. Rb1 a5 20. Nb5 Nfe4 21. Be1
Nf6 22. Kh1 Na6 23. Rc1 Nd7 24. Bb1 Ndc5 25. Bc3 Bxc3 26. Rxc3 Nc7 27. Nd4 e5
28. dxe6 N7xe6 29. Nb5 Rad8 30. Qd2 Nc7 31. Nxc7 Qxc7 32. Rh3 Rd7 33. Qh6 f5
34. Rg3 Rg7 35. Qd2 Re5 36. f4 Re6 37. h3 b6 38. Bc2 Qe7 39. Qd5 Kh8 40. Kh2 h5
41. Rf2 h4 42. Rgf3 Re1 43. Rd2 Ne4 44. Rdd3 Ng3 45. Rxg3 hxg3+ 46. Rxg3 Rc1
47. Bd1 Qf6 1/2-1/2

[Event "Premiere Neige"]
[Site "Montreal CAN"]
[Date "2003.12.13"]
[Round "2"]
[White "Ramaswamy, Kishor"]
[Black "Schleifer, Michael"]
[Result "1-0"]
[WhiteElo "2319"]
[BlackElo "2118"]
[PlyCount "53"]
[EventDate "2003.12.12"]
[EventType "swiss"]
[EventRounds "5"]
[EventCountry "CAN"]

1. e4 c6 2. d4 d5 3. e5 c5 4. c3 Nc6 5. Be3 Nh6 6. dxc5 Nf5 7. Bf4 e6 8. Nf3
Bxc5 9. Bd3 Nfe7 10. O-O Ng6 11. Bg3 O-O 12. Nbd2 Bb6 13. Qc2 Bc7 14. Rfe1 b6
15. Rad1 Bb7 16. Nb3 Qe7 17. Nbd4 Nxd4 18. Nxd4 Rac8 19. Re3 Bb8 20. f4 f5 21.
exf6 Rxf6 22. f5 Bxg3 23. hxg3 Nf8 24. Rde1 Re8 25. fxe6 g6 26. Qe2 Bc8 27. Bb5
1-0

[Event "Premiere Neige"]
[Site "Montreal CAN"]
[Date "2003.12.14"]
[Round "5"]
[White "Bouchard, Jean-Marc"]
[Black "Schleifer, Michael"]
[Result "0-1"]
[WhiteElo "2319"]
[BlackElo "1947"]
[PlyCount "44"]
[EventDate "2003.12.12"]
[EventType "swiss"]
[EventRounds "5"]
[EventCountry "CAN"]

1. e4 c5 2. Nf3 e6 3. d4 cxd4 4. Nxd4 a6 5. c3 d6 6. Bd3 Nf6 7. O-O Be7 8. a4
Nbd7 9. a5 O-O 10. Be3 d5 11. exd5 Nxd5 12. Qh5 N7f6 13. Qe2 Nxe3 14. Qxe3 Bd6
15. h3 Bc7 16. Nd2 Bxa5 17. Ne4 Nd5 18. Qf3 Bb6 19. Ne2 Bd7 20. Rfd1 Qe7 21.
N2g3 Bc6 22. Nh5 f5 0-1

[Event "Lanaudiere op"]
[Site "Repentigny CAN"]
[Date "2003.10.18"]
[Round "3"]
[White "Rousseau, Daniel"]
[Black "Schleifer, Michael"]
[Result "0-1"]
[WhiteElo "2113"]
[BlackElo "2321"]
[PlyCount "96"]
[EventDate "2003.10.17"]
[EventType "swiss"]
[EventRounds "5"]
[EventCountry "CAN"]

1. e4 c5 2. Nf3 e6 3. d4 cxd4 4. Nxd4 a6 5. Nc3 Qc7 6. Be2 Bb4 7. Bd2 Nf6 8.
Bd3 Nc6 9. Nxc6 dxc6 10. O-O Bc5 11. Qf3 Bd6 12. Kh1 h5 13. Qh3 Bf4 14. Bxf4
Qxf4 15. Qg3 Qxg3 16. hxg3 h4 17. gxh4 Rxh4+ 18. Kg1 e5 19. f3 Be6 20. Kf2 Ke7
21. Rh1 Rxh1 22. Rxh1 b5 23. a3 Nd7 24. g3 a5 25. Bf1 Nc5 26. Bh3 b4 27. Nb1
Bxh3 28. Rxh3 Rb8 29. b3 a4 30. bxa4 b3 31. cxb3 Rxb3 32. Rh1 Nxa4 33. Rc1 c5
34. Nd2 Rxa3 35. Nc4 Ra2+ 36. Ke3 f6 37. f4 exf4+ 38. gxf4 Rh2 39. e5 Ke6 40.
Ra1 Rh3+ 41. Kf2 Nc3 42. Ra6+ Kf5 43. Ne3+ Kxf4 44. exf6 Rxe3 45. f7 Rf3+ 46.
Kg2 Ke3 47. Ra3 Rxf7 48. Rxc3+ Kd4 0-1

[Event "Omnium de Montreal"]
[Site "Montreal CAN"]
[Date "2003.08.29"]
[Round "1"]
[White "Poirier, Erik"]
[Black "Schleifer, Michael"]
[Result "1/2-1/2"]
[WhiteElo "2005"]
[BlackElo "2346"]
[PlyCount "61"]
[EventDate "2003.08.29"]
[EventType "swiss"]
[EventRounds "5"]
[EventCountry "CAN"]

1. d4 Nf6 2. c4 g6 3. Nc3 Bg7 4. e4 d6 5. Nf3 O-O 6. Be2 Bg4 7. Be3 Nc6 8. O-O
Re8 9. d5 Bxf3 10. Bxf3 Ne5 11. Be2 e6 12. dxe6 Rxe6 13. Qd2 Ned7 14. Bf3 Nb6
15. b3 Nfd7 16. Rac1 c6 17. Bd4 Bxd4 18. Qxd4 Qf6 19. Qxf6 Nxf6 20. Rfe1 a5 21.
c5 dxc5 22. e5 Nfd7 23. Ne4 a4 24. Red1 axb3 25. axb3 Ra3 26. Rc3 Nd5 27. Nxc5
Nxc5 28. Bxd5 cxd5 29. Rxc5 Rxb3 30. Rcxd5 Rb2 31. R1d2 1/2-1/2

[Event "Omnium de Montreal"]
[Site "Montreal CAN"]
[Date "2003.08.30"]
[Round "2"]
[White "Rodriguez, Herver"]
[Black "Schleifer, Michael"]
[Result "1/2-1/2"]
[WhiteElo "1826"]
[BlackElo "2346"]
[PlyCount "68"]
[EventDate "2003.08.29"]
[EventType "swiss"]
[EventRounds "5"]
[EventCountry "CAN"]

1. e4 e6 2. d4 c5 3. Nf3 cxd4 4. Nxd4 a6 5. Be2 Nf6 6. e5 Qa5+ 7. Nc3 Qxe5 8.
O-O Nc6 9. Nf3 Qc7 10. a4 Be7 11. h3 O-O 12. Be3 d5 13. Re1 Rd8 14. Bg5 b6 15.
Bf1 Bb7 16. Qe2 d4 17. Ne4 Nxe4 18. Qxe4 Nb4 19. Qh4 Bxg5 20. Nxg5 h6 21. Ne4
Rac8 22. Ra3 f5 23. Nf6+ Kf7 24. Rg3 Qxg3 25. Qxg3 gxf6 26. Qb3 Nd5 27. c4 dxc3
28. bxc3 Rxc3 29. Qd1 Rd6 30. Qh5+ Kg7 31. Qe8 Rc8 32. Qh5 Nf4 33. Qh4 Ng6 34.
Qb4 Rcd8 1/2-1/2

[Event "Omnium de Montreal"]
[Site "Montreal CAN"]
[Date "2003.08.30"]
[Round "3"]
[White "Schleifer, Michael"]
[Black "Singher, Jean-Pierre"]
[Result "1/2-1/2"]
[WhiteElo "2346"]
[BlackElo "1951"]
[PlyCount "30"]
[EventDate "2003.08.29"]
[EventType "swiss"]
[EventRounds "5"]
[EventCountry "CAN"]

1. d4 Nf6 2. c4 e6 3. Nc3 d5 4. Bg5 Be7 5. e3 O-O 6. Nf3 c6 7. Qc2 Nbd7 8. Be2
b6 9. O-O Bb7 10. Rfd1 Rc8 11. cxd5 exd5 12. Qf5 Ne4 13. Bf4 Ndf6 14. Rac1 Ra8
15. Ne5 Bc8 1/2-1/2

[Event "Quebec op"]
[Site "Montreal CAN"]
[Date "2003.07.13"]
[Round "3"]
[White "Desmarais, Emmanuel"]
[Black "Schleifer, Michael"]
[Result "0-1"]
[WhiteElo "2000"]
[BlackElo "2386"]
[PlyCount "62"]
[EventDate "2003.07.12"]
[EventType "swiss"]
[EventRounds "9"]
[EventCountry "CAN"]

1. e4 e6 2. d4 c5 3. c3 Nf6 4. Bd3 cxd4 5. cxd4 d6 6. Nf3 Be7 7. O-O O-O 8. Bg5
Nc6 9. Nbd2 h6 10. Bh4 b6 11. a3 Bb7 12. Qe2 Nh5 13. Bg3 Nxg3 14. hxg3 a6 15.
Rac1 Re8 16. Rfd1 Bf8 17. e5 Ne7 18. Nc4 Nc8 19. Bb1 b5 20. Qd3 g6 21. Ne3 Bxf3
22. gxf3 dxe5 23. dxe5 Qxd3 24. Rxd3 Nb6 25. Rc6 Na4 26. Ng4 Rec8 27. Nf6+ Kg7
28. Rxc8 Rxc8 29. b3 Nb6 30. Kg2 Bxa3 31. g4 Be7 0-1

[Event "Quebec op"]
[Site "Montreal CAN"]
[Date "2003.07.14"]
[Round "4"]
[White "Schleifer, Michael"]
[Black "Voskanyan, Vahagn"]
[Result "0-1"]
[WhiteElo "2386"]
[BlackElo "2281"]
[PlyCount "56"]
[EventDate "2003.07.12"]
[EventType "swiss"]
[EventRounds "9"]
[EventCountry "CAN"]

1. c4 c5 2. Nc3 Nc6 3. g3 Nf6 4. Bg2 g6 5. e3 d6 6. d4 cxd4 7. exd4 Bg7 8. Nge2
O-O 9. h3 Bd7 10. O-O Rc8 11. Be3 a6 12. Rc1 Na5 13. b3 b5 14. cxb5 axb5 15. a3
d5 16. Nf4 e6 17. Nd3 Ne8 18. Nc5 Nd6 19. g4 Bc6 20. Na2 Ba8 21. Nb4 Ne4 22.
Nbd3 Nc6 23. Nb4 Re8 24. f3 Nxc5 25. Rxc5 Bf8 26. Rxb5 Nxb4 27. axb4 Bc6 28.
Rc5 Qb6 0-1

[Event "Quebec op"]
[Site "Montreal CAN"]
[Date "2003.07.15"]
[Round "5"]
[White "Bachand-Fleurent, Julien"]
[Black "Schleifer, Michael"]
[Result "1-0"]
[WhiteElo "2060"]
[BlackElo "2386"]
[PlyCount "91"]
[EventDate "2003.07.12"]
[EventType "swiss"]
[EventRounds "9"]
[EventCountry "CAN"]

1. e4 c5 2. Nc3 Nc6 3. g3 g6 4. Bg2 Bg7 5. d3 d6 6. Be3 e5 7. Qd2 Nd4 8. Nd5
Nf6 9. Nxf6+ Bxf6 10. c3 Nc6 11. Ne2 Be6 12. O-O Qd7 13. f4 Bg7 14. d4 cxd4 15.
cxd4 Bc4 16. d5 Nd4 17. Bxd4 exd4 18. Rfc1 Bxe2 19. Qxe2 O-O 20. Rc2 Qa4 21. b3
Qd7 22. Rac1 Rac8 23. Rc4 b6 24. h4 Rc5 25. Kh2 Re8 26. Qd3 f5 27. e5 dxe5 28.
fxe5 Rxc4 29. Qxc4 Rxe5 30. d6+ Kf8 31. Qc8+ Qxc8 32. Rxc8+ Kf7 33. d7 Bf6 34.
d8=Q Bxd8 35. Rxd8 Re2 36. a4 Rd2 37. Kg1 Ke7 38. Rh8 d3 39. Rxh7+ Ke6 40. Bf1
Rd1 41. Kf2 d2 42. Bc4+ Ke5 43. Ke2 Rg1 44. Kxd2 Rxg3 45. Rxa7 Rh3 46. Rg7 1-0

[Event "Quebec op"]
[Site "Montreal CAN"]
[Date "2003.07.17"]
[Round "7"]
[White "Wilkin, Alain"]
[Black "Schleifer, Michael"]
[Result "0-1"]
[WhiteElo "1919"]
[BlackElo "2386"]
[PlyCount "80"]
[EventDate "2003.07.12"]
[EventType "swiss"]
[EventRounds "9"]
[EventCountry "CAN"]

1. e4 c5 2. Nf3 d6 3. d3 Nc6 4. g3 g6 5. Bg2 Bg7 6. Nbd2 Nf6 7. O-O O-O 8. a4
Rb8 9. Nh4 a6 10. f4 Bd7 11. Nc4 b5 12. axb5 axb5 13. Ne3 Ne8 14. Nf3 Nc7 15.
g4 Ra8 16. Rxa8 Qxa8 17. g5 Qa2 18. b3 Nd4 19. Ne1 b4 20. f5 Re8 21. Kh1 Ncb5
22. Nd5 Nc3 23. Nxc3 bxc3 24. Be3 Ra8 25. Bxd4 cxd4 26. Qg4 Qa5 27. Qh4 Ra7 28.
f6 Bf8 29. fxe7 Bxe7 30. Qf2 Be8 31. h4 Qc5 32. Nf3 Ra2 33. Rc1 h6 34. gxh6 Bf8
35. h7+ Kxh7 36. e5 Bh6 37. Ng5+ Bxg5 38. hxg5 Qxe5 39. Re1 Qxg5 40. Rxe8 Ra1+
0-1

[Event "Quebec op"]
[Site "Montreal CAN"]
[Date "2003.07.19"]
[Round "9"]
[White "Schleifer, Michael"]
[Black "McDonough, Jonathan"]
[Result "1/2-1/2"]
[WhiteElo "2386"]
[BlackElo "2040"]
[PlyCount "74"]
[EventDate "2003.07.12"]
[EventType "swiss"]
[EventRounds "9"]
[EventCountry "CAN"]

1. d4 Nf6 2. c4 g6 3. Nc3 Bg7 4. Nf3 d6 5. g3 O-O 6. Bg2 Nc6 7. O-O Bg4 8. Be3
Bf5 9. h3 Ne4 10. Nxe4 Bxe4 11. Qd2 h5 12. d5 Bxf3 13. exf3 Ne5 14. Rac1 c5 15.
dxc6 Nxc6 16. f4 Rc8 17. b3 b6 18. Rfd1 Qd7 19. Kh2 Rfd8 20. h4 e6 21. Qe2 Qc7
22. Rd2 Ne7 23. Rcd1 Nf5 24. Rd3 a6 25. Bh3 Nxe3 26. fxe3 b5 27. cxb5 axb5 28.
e4 Ra8 29. f5 exf5 30. exf5 Be5 31. fxg6 fxg6 32. Be6+ Kh8 33. Bd5 Rac8 34. Rf3
Rf8 35. Rxf8+ Rxf8 36. Rf1 Qe7 37. Rxf8+ Qxf8 1/2-1/2

[Event "Quebec-ch inv."]
[Site "Montreal CAN"]
[Date "2003.06.26"]
[Round "1"]
[White "Pruess, David"]
[Black "Schleifer, Michael"]
[Result "1-0"]
[WhiteElo "2331"]
[BlackElo "2356"]
[PlyCount "93"]
[EventDate "2003.06.26"]
[EventType "tourn"]
[EventRounds "9"]
[EventCountry "CAN"]

1. e4 e5 2. Nf3 Nc6 3. Bb5 a6 4. Ba4 Bc5 5. O-O b5 6. Bb3 d6 7. c3 Nf6 8. d4
exd4 9. cxd4 Bb6 10. h3 h6 11. Nc3 O-O 12. a4 b4 13. Nd5 Bb7 14. Nxb6 cxb6 15.
e5 Ne4 16. Bd5 Na5 17. Bxb7 Nxb7 18. Qe1 d5 19. Qxb4 Rc8 20. Qb3 Na5 21. Qd3
Rc4 22. Bd2 Qc7 23. b3 Rc6 24. Bb4 Rc8 25. Nd2 Nxd2 26. Bxd2 Qe7 27. Rab1 Qa3
28. Kh1 Ra8 29. f4 Qa2 30. Bxa5 bxa5 31. f5 Rac8 32. Qf3 Rd8 33. e6 Qd2 34. e7
Re8 35. Qxd5 Rc7 36. f6 gxf6 37. Rbe1 Qb4 38. Re4 Rcxe7 39. Rg4+ Kf8 40. Qh5
Qd2 41. Rgf4 Re6 42. d5 Re1 43. Qxh6+ Ke7 44. Qxf6+ Kd7 45. Qc6+ Kd8 46. Qd6+
Kc8 47. Rc4+ 1-0

[Event "Quebec-ch inv."]
[Site "Montreal CAN"]
[Date "2003.06.30"]
[Round "5"]
[White "Voskanyan, Vahagn"]
[Black "Schleifer, Michael"]
[Result "0-1"]
[WhiteElo "2314"]
[BlackElo "2356"]
[PlyCount "119"]
[EventDate "2003.06.26"]
[EventType "tourn"]
[EventRounds "9"]
[EventCountry "CAN"]

1. e4 e6 2. d4 c5 3. Nf3 cxd4 4. Nxd4 Nf6 5. Nc3 d6 6. Be2 Be7 7. Be3 a6 8. a4
Nc6 9. f4 Qc7 10. Nb3 b6 11. O-O Bb7 12. Bf3 O-O 13. Qe2 Nd7 14. Rad1 Nc5 15.
Nd4 Rfe8 16. Nxc6 Bxc6 17. Bd4 Nxa4 18. Nxa4 Bxa4 19. b3 Bc6 20. Qf2 b5 21. Qe3
Bf8 22. b4 e5 23. Bc3 Be7 24. Ba1 a5 25. bxa5 Rxa5 26. Kh1 Ra4 27. fxe5 dxe5
28. Be2 Bf8 29. Bd3 Kh8 30. Qf3 f6 31. Qe2 Qb7 32. Rb1 b4 33. Bc3 Rb8 34. Qf3
Qe7 35. Qg3 Raa8 36. Bd2 Qe6 37. Rfe1 b3 38. cxb3 Rxb3 39. Bc4 Rxg3 40. Bxe6
Rd3 41. Bb4 Rd4 42. Bxf8 Rxf8 43. Bf5 g6 44. Rbc1 Ba8 45. Bh3 Bxe4 46. Rc7 Rfd8
47. Kg1 Rd1 48. Kf2 R8d2+ 49. Re2 Rxe2+ 50. Kxe2 Rb1 51. Rf7 Rb2+ 52. Kf1 f5
53. Re7 Bd3+ 54. Kg1 e4 55. g4 f4 56. g5 f3 57. Rf7 Rb5 58. Kf2 Rxg5 59. Re7
Rh5 60. Kg3 0-1

[Event "Quebec-ch inv."]
[Site "Montreal CAN"]
[Date "2003.07.02"]
[Round "6"]
[White "Schleifer, Michael"]
[Black "Maly, Alexey"]
[Result "0-1"]
[WhiteElo "2356"]
[BlackElo "2366"]
[PlyCount "63"]
[EventDate "2003.06.26"]
[EventType "tourn"]
[EventRounds "9"]
[EventCountry "CAN"]

1. Nf3 Nf6 2. c4 c5 3. d4 cxd4 4. Nxd4 e5 5. Nf3 Nc6 6. g3 e4 7. Nd4 Qb6 8. Nc2
Ne5 9. Bg2 Nxc4 10. b3 Qa5+ 11. Kf1 Nb6 12. Bb2 d5 13. a4 Be6 14. Nba3 Be7 15.
Nb5 Nbd7 16. Ncd4 O-O 17. Nxe6 fxe6 18. Bh3 Qb6 19. Nd4 e5 20. a5 Qa6 21. Ne6
Rfc8 22. Ng5 Rc5 23. Be6+ Kf8 24. Nxh7+ Ke8 25. Nxf6+ Nxf6 26. Bf5 d4 27. g4 e3
28. f3 Nd5 29. h4 Rxa5 30. Rxa5 Qxa5 31. h5 Bg5 32. Qc2 0-1

[Event "Quebec-ch inv."]
[Site "Montreal CAN"]
[Date "2003.07.03"]
[Round "7"]
[White "Kleinplatz, Sam"]
[Black "Schleifer, Michael"]
[Result "0-1"]
[WhiteElo "2312"]
[BlackElo "2356"]
[PlyCount "72"]
[EventDate "2003.06.26"]
[EventType "tourn"]
[EventRounds "9"]
[EventCountry "CAN"]

1. d4 Nf6 2. c4 g6 3. Nc3 Bg7 4. e4 d6 5. Be2 O-O 6. Bg5 Nbd7 7. Qd2 e5 8. Nf3
exd4 9. Nxd4 Nc5 10. Bf3 Qe8 11. Qe3 Ne6 12. Nxe6 Bxe6 13. b3 Ng4 14. Bxg4 Bxg4
15. O-O Qe5 16. Rac1 f5 17. Bf4 Qd4 18. Qg3 Rf7 19. c5 dxc5 20. Nb5 Qd7 21.
Nxc7 Rc8 22. Rxc5 g5 23. Bd6 f4 24. Qd3 Be2 25. Qd5 Bxf1 26. Kxf1 f3 27. gxf3
Qh3+ 28. Kg1 Qxf3 29. Bg3 h6 30. Qe6 Qd1+ 31. Kg2 Qd7 32. Qc4 Qd4 33. Qe6 Qxc5
34. Qxc8+ Kh7 35. Qxb7 Qc3 36. h3 Be5 0-1

[Event "Laval XX"]
[Site "Laval CAN"]
[Date "2003.04.11"]
[Round "1"]
[White "Poirier, Erik"]
[Black "Schleifer, Michael"]
[Result "0-1"]
[WhiteElo "2002"]
[BlackElo "2342"]
[PlyCount "58"]
[EventDate "2003.04.11"]
[EventType "swiss"]
[EventRounds "5"]
[EventCountry "CAN"]

1. d4 Nf6 2. c4 g6 3. Nc3 Bg7 4. e4 O-O 5. Nf3 d6 6. Be2 Bg4 7. Nd2 Bxe2 8.
Qxe2 e5 9. d5 Nbd7 10. b4 Bh6 11. Nb3 Bxc1 12. Rxc1 Nh5 13. g3 Ng7 14. c5 f5
15. c6 bxc6 16. dxc6 Nf6 17. O-O f4 18. Nd5 Nxd5 19. exd5 f3 20. Qe4 Qg5 21. h4
Qh5 22. Rc4 Rf4 23. Qd3 Nf5 24. Rfc1 Qg4 25. Rxf4 exf4 26. Nd2 fxg3 27. Nxf3
gxf2+ 28. Kxf2 Qg3+ 29. Kf1 Rf8 0-1

[Event "Laval XX"]
[Site "Laval CAN"]
[Date "2003.04.12"]
[Round "2"]
[White "Schleifer, Michael"]
[Black "Laframboise, Marc-Andre"]
[Result "1/2-1/2"]
[WhiteElo "2342"]
[BlackElo "2175"]
[PlyCount "88"]
[EventDate "2003.04.11"]
[EventType "swiss"]
[EventRounds "5"]
[EventCountry "CAN"]

1. Nf3 c6 2. e4 g6 3. d4 Bg7 4. Nc3 d6 5. h3 Nf6 6. Be2 O-O 7. O-O Qc7 8. a4 e5
9. Re1 Nbd7 10. Bf1 Rd8 11. Bg5 h6 12. Be3 Nf8 13. d5 Nh5 14. g3 f5 15. exf5
gxf5 16. Nxe5 dxe5 17. Qxh5 cxd5 18. Bxh6 Ne6 19. Bg2 e4 20. Bxg7 Qxg7 21. Rad1
d4 22. Ne2 Qf6 23. Nf4 Nxf4 24. gxf4 Be6 25. Rd2 Rd7 26. Qg5+ Kf7 27. Red1 Rad8
28. Qxf6+ Kxf6 29. Bf1 a6 30. Kh2 Rd6 31. a5 Bf7 32. Ra1 Be8 33. Ra3 Bb5 34.
Bxb5 axb5 35. Rb3 Rd5 36. Rb4 R8d7 37. Kg2 Ke7 38. Kf1 Ke6 39. Ke2 Rc7 40. Kd1
Rc4 41. Rb3 Ra4 42. Rg3 Kf7 43. Ke2 Rxa5 44. h4 Ra1 1/2-1/2

[Event "Mauricie op"]
[Site "Shawinigan CAN"]
[Date "2003.03.21"]
[Round "1"]
[White "Schleifer, Michael"]
[Black "Sauve, Richard"]
[Result "1-0"]
[WhiteElo "2343"]
[BlackElo "2052"]
[PlyCount "63"]
[EventDate "2003.03.21"]
[EventType "swiss"]
[EventRounds "5"]
[EventCountry "CAN"]

1. d4 e6 2. e4 d5 3. Nc3 Nf6 4. Bg5 Bb4 5. exd5 exd5 6. Qf3 Be6 7. Nge2 Nbd7 8.
O-O-O c6 9. h3 Qa5 10. a3 Be7 11. Nf4 b5 12. Nxe6 fxe6 13. Qe3 Nf8 14. Be2 b4
15. axb4 Qxb4 16. Bxf6 gxf6 17. Bh5+ Kd7 18. Rhe1 Rb8 19. b3 Qa3+ 20. Kd2 Bb4
21. Ra1 Bxc3+ 22. Qxc3 Qb4 23. Rxa7+ Kd6 24. Qxb4+ Rxb4 25. Kc3 Rb8 26. f4 Rg8
27. g4 h6 28. Rf7 Nd7 29. Ra1 Rbf8 30. Ra7 Rxf7 31. Bxf7 Rg7 32. Be8 1-0

[Event "RA Winter op"]
[Site "Ottawa CAN"]
[Date "2003.01.12"]
[Round "5"]
[White "Pacey, Kevin"]
[Black "Schleifer, Michael"]
[Result "1/2-1/2"]
[WhiteElo "2310"]
[BlackElo "2387"]
[PlyCount "30"]
[EventDate "2003.01.11"]
[EventType "swiss"]
[EventRounds "5"]
[EventCountry "CAN"]

1. d3 d5 2. f4 g6 3. g3 Bg7 4. Nf3 Nf6 5. Bg2 O-O 6. O-O d4 7. c3 c5 8. Bd2 Nc6
9. Qa4 Qb6 10. Qb3 Be6 11. Qxb6 axb6 12. cxd4 cxd4 13. Na3 h6 14. Nb5 Nd5 15.
Nh4 Rfd8 1/2-1/2

[Event "Plateau 2"]
[Site "Montreal CAN"]
[Date "2001.09.22"]
[Round "1"]
[White "Larochelle, Martial"]
[Black "Schleifer, Michael"]
[Result "1-0"]
[WhiteElo "2155"]
[BlackElo "2403"]
[PlyCount "97"]
[EventDate "2001.09.22"]
[EventType "swiss"]
[EventRounds "4"]
[EventCountry "CAN"]

1. c4 Nf6 2. g3 c6 3. Nf3 d5 4. b3 Bg4 5. Bg2 e6 6. O-O Nbd7 7. Bb2 Bd6 8. Na3
Qe7 9. Nc2 O-O 10. Ne3 Bh5 11. a3 a5 12. d3 h6 13. Ra2 Rfc8 14. Qa1 Bc5 15. Nd4
Bb6 16. Re1 Bg6 17. Ndc2 Bxe3 18. Nxe3 b5 19. Bc3 Qd6 20. cxb5 cxb5 21. b4 a4
22. Rc2 Rab8 23. Rec1 Rd8 24. Bd4 Kh7 25. f4 h5 26. Bh3 Qf8 27. f5 exf5 28.
Nxf5 Ne8 29. Rc6 f6 30. Qb2 Kh8 31. Nh4 Bh7 32. Qd2 Qe7 33. Qf4 Ne5 34. Re6 g5
35. Rxe7 gxf4 36. gxf4 Ng4 37. Rc6 Rdc8 38. Rxc8 Rxc8 39. f5 Kg8 40. Ng6 Nd6
41. e4 dxe4 42. Bxg4 hxg4 43. dxe4 Rc4 44. Bxf6 Bxg6 45. fxg6 Rxe4 46. Be5 Re1+
47. Kf2 Rd1 48. Ke2 Rd5 49. Re6 1-0

[Event "Plateau 2"]
[Site "Montreal CAN"]
[Date "2001.09.22"]
[Round "2"]
[White "Schleifer, Michael"]
[Black "Charbonneau, Anne-Marie"]
[Result "1-0"]
[WhiteElo "2403"]
[BlackElo "1933"]
[PlyCount "87"]
[EventDate "2001.09.22"]
[EventType "swiss"]
[EventRounds "4"]
[EventCountry "CAN"]

1. d4 f5 2. Bg5 Nf6 3. Nc3 d5 4. Bxf6 exf6 5. e3 c6 6. h4 Be6 7. Bd3 Na6 8. a3
Nc7 9. Qf3 Qd7 10. h5 O-O-O 11. Nge2 Bd6 12. Nf4 Bf7 13. g3 Rde8 14. O-O-O Kb8
15. Rdg1 Re7 16. g4 fxg4 17. Rxg4 Ne6 18. Nxe6 Bxe6 19. Rg2 Rf7 20. Ne2 Qc7 21.
Bf5 Bxf5 22. Qxf5 b5 23. Kb1 a5 24. Nc1 a4 25. f3 Qe7 26. Ka2 Kb7 27. Rhg1 Kc7
28. Rg4 Ra8 29. Qxh7 g5 30. Qd3 Rh8 31. e4 Qe6 32. e5 fxe5 33. dxe5 Bxe5 34.
Kb1 Rxh5 35. Qe3 Qf6 36. Re1 Bf4 37. Qa7+ Kd6 38. Qb8+ Kd7 39. Rxf4 Qxf4 40.
Qe8+ Kc7 41. Nd3 Qf6 42. Re6 Rh1+ 43. Ka2 Qxf3 44. Qxc6+ 1-0

[Event "CAN-ch"]
[Site "Montreal CAN"]
[Date "2001.08.25"]
[Round "6"]
[White "Schleifer, Michael"]
[Black "Spraggett, Kevin"]
[Result "1/2-1/2"]
[WhiteElo "2369"]
[BlackElo "2531"]
[PlyCount "192"]
[EventDate "2001.08.21"]
[EventType "swiss"]
[EventRounds "9"]
[EventCountry "CAN"]
[Source "Mark Crowther"]
[SourceDate "2001.03.09"]

1. b3 e5 2. Bb2 Nc6 3. e3 Nf6 4. Bb5 Bd6 5. Na3 a6 6. Bxc6 dxc6 7. Nc4 Qe7 8.
d4 e4 9. Nxd6+ cxd6 10. c4 d5 11. c5 h5 12. h4 Bg4 13. Qd2 Rh6 14. f3 Bf5 15.
Ne2 Kf8 16. f4 Rg6 17. Nc3 Ng4 18. b4 Kg8 19. a4 Nh6 20. O-O-O Bd7 21. a5 Nf5
22. Qf2 Rg3 23. Rde1 Re8 24. Kb1 Rg4 25. Ne2 Nxh4 26. Rh2 g6 27. Ng3 Nf5 28.
Nxf5 Bxf5 29. Reh1 Qd7 30. Bc3 f6 31. Rg1 Kf7 32. Kb2 Rg8 33. Ka3 Ke8 34. Kb3
Kd8 35. Ka3 Kc8 36. Kb3 Kb8 37. Ka3 Ka8 38. Kb3 Be6 39. Ka3 Bf7 40. Be1 Qf5 41.
Rf1 Be8 42. g3 g5 43. fxg5 Qxg5 44. Qd2 Qh6 45. Ka4 Bd7 46. Rfh1 R4g5 47. Rf1
Bg4 48. Rf4 Qg6 49. Rh1 Bf3 50. Rh3 Qf7 51. Qh2 Bg4 52. Rh4 R8g6 53. Kb3 Qg7
54. Kc2 Bf3 55. Rh3 Qd7 56. Rhh4 Qe6 57. Rh3 Qd7 58. Rhh4 Qc7 59. Rh3 Bg4 60.
Rh4 Kb8 61. Qf2 Bf3 62. Qh2 Kc8 63. Qh3+ Bg4 64. Qh2 Kd8 65. Qf2 Ke7 66. Qh2
Qd7 67. Qh1 Qe6 68. Qh2 Bf3 69. Rh3 Kf7 70. Rhh4 Kg7 71. Rh3 Rf5 72. Rxf5 Qxf5
73. Rh4 Bg4 74. Qf2 Qxf2+ 75. Bxf2 Rg5 76. Kd2 Rf5 77. Ke1 Rf3 78. Kf1 Kg6 79.
Kg2 Rf5 80. Rh2 Bf3+ 81. Kg1 Rg5 82. Kf1 Rg4 83. Ke1 Kg5 84. Kf1 f5 85. Kg1 Kh6
86. Kf1 Bd1 87. Ke1 Ba4 88. Kd2 Bb5 89. Ke1 Kg5 90. Kd2 Kg6 91. Ke1 Kg5 92. Kd2
h4 93. Rxh4 Rxh4 94. gxh4+ Kg4 95. h5 Kxh5 96. Bg3 Kg4 1/2-1/2

[Event "CAN-ch"]
[Site "Montreal CAN"]
[Date "2001.08.28"]
[Round "9"]
[White "Khassanov, Marat"]
[Black "Schleifer, Michael"]
[Result "1/2-1/2"]
[WhiteElo "2363"]
[BlackElo "2369"]
[PlyCount "83"]
[EventDate "2001.08.21"]
[EventType "swiss"]
[EventRounds "9"]
[EventCountry "CAN"]
[Source "Mark Crowther"]
[SourceDate "2001.03.09"]

1. e4 Nc6 2. d4 e5 3. Nf3 exd4 4. Bc4 Bc5 5. Ng5 Nh6 6. Nxf7 Nxf7 7. Bxf7+ Kxf7
8. Qh5+ g6 9. Qxc5 d6 10. Qg5 Qxg5 11. Bxg5 Re8 12. f3 d5 13. O-O dxe4 14.
fxe4+ Kg8 15. Nd2 Ne5 16. Rae1 c5 17. Nf3 Nf7 18. Bf6 Be6 19. a3 Bc4 20. Rf2
Re6 21. Nd2 Bb5 22. g4 Rae8 23. Kg2 Bc6 24. Kg3 Nd6 25. b4 b6 26. bxc5 bxc5 27.
e5 Nb5 28. Nb3 Bd5 29. Nxc5 Rc6 30. Nd3 Nc3 31. Kh4 Ne2 32. Rc1 Rec8 33. Bg5 a5
34. Bh6 Be4 35. Nf4 d3 36. e6 Re8 37. Rcf1 Kh8 38. Nxg6+ hxg6 39. Rf8+ Rxf8 40.
Rxf8+ Kh7 41. Rf7+ Kg8 42. Rf8+ 1/2-1/2